Paradas de Metro Madrid - Estadísticas

Estadísticas generales
  • Esta prueba ha sido intentada 1.922 veces
    1.318 desde el último reinicio
  • La puntuación promedio es 136 de 288
Estadísticas de respuestas
Paradas Línea % Correcto
Sol L1 | L2 | L3
91%
Gran Vía L1 | L5
85%
Moncloa L3 | L6
82%
Atocha L1
81%
Nuevos Ministerios L10 | L6 | L8
80%
Callao L3 | L5
77%
Argüelles L3 | L4 | L6
76%
Chamartín L1 | L10
76%
Cuatro Caminos L1 | L6
76%
Cuatro caminos L2
76%
Plaza de España L10 | L3
76%
Príncipe Pío L10 | L6
74%
Goya L2 | L4
72%
Avenida de América L4 | L6 | L7 | L9
70%
Ciudad Universitaria L6
70%
Retiro L2
70%
Santiago Bernabéu L10
69%
Tribunal L1 | L10
68%
Aeropuerto T1-T2-T3 L8
67%
Aeropuerto T4 L8
67%
Casa de Campo L10 | L5
67%
Bilbao L1 | L4
66%
Ópera L2 | L5
66%
Plaza de castilla L1
66%
Plaza de Castilla L10 | L9
66%
Pinar de Chamartín L1 | L4
65%
Pitis L7
65%
Chueca L5
64%
Colón L4
64%
Cruce de Villaverde L3
64%
Legazpi L3 | L6
64%
Colombia L8 | L9
62%
Gregorio Marañón L10 | L7
62%
Sevilla L2
62%
Alonso Martínez L10 | L4 | L5
61%
Banco de España L2
60%
Barajas L8
59%
Guzmán el Bueno L6 | L7
59%
Las Rosas L2
59%
Pacífico L1 | L6
59%
Puente de Vallecas L1
59%
Puerta del Sur L10 | L12
59%
Carabanchel L5
58%
Estación del Arte L1
58%
Hospital Infanta Sofía L10
58%
Diego de León L4 | L5 | L6
57%
Lago L10
57%
Lavapiés L3
57%
Méndez Álvaro L6
57%
Ventas L2 | L5
57%
Vicente Aleixandre L6
57%
Batán L10
56%
Plaza Elíptica L11 | L6
56%
Embajadores L3
55%
Oporto L5 | L6
55%
República Argentina L6
55%
Serrano L4
55%
Velázquez L4
55%
Iglesia L1
54%
Tetuán L1
54%
Aluche L5
53%
Estadio Metropolitano L7
53%
Hospital 12 de Octubre L3
53%
La Latina L5
53%
Mar de Cristal L4 | L8
53%
tirso de Molina L1
53%
Usera L6
53%
Villaverde alto L3
53%
Cuzco L10
52%
Getafe Central L12
52%
Quevedo L2
52%
Valdecarros L1
52%
Canal L2 | L7
51%
O'Donnell L6
51%
Puerta del Ángel L6
51%
Rios Rosas L1
51%
Alvarado L1
50%
Antón Martín L1
50%
Estrecho L1
50%
Ibiza L9
50%
Sainz de Baranda L6 | L9
50%
San Bernardo L2 | L4
50%
Feria de Madrid L8
49%
Islas Filipinas L7
49%
Manuel Becerra L2 | L6
49%
Príncipe de Vergara L2 | L9
49%
Arganda del Rey L9
48%
Bambú L1
48%
Fuencarral L10
48%
Laguna L6
48%
Paco de Lucía L9
48%
Pirámides L5
48%
Rivas Vaciamadrid L9
48%
Ventura Rodríguez L3
48%
Alameda de Osuna L5
47%
Cuatro Vientos L10
47%
Delicias L3
47%
Leganés Central L12
47%
Móstoles Central L12
47%
Núñez de Balboa L5 | L9
47%
Conde de Casal L6
46%
Tres Olivos L10
46%
Alcorcón Central L12
45%
Begoña L10
45%
Canillejas L5
45%
Puerta de Toledo L5
45%
Campamento L5
44%
Colonia Jardín L10
44%
Opañel L6
44%
Vicálvaro L9
44%
Aviación Española L10
43%
Buenos Aires L1
43%
El Casar L12
43%
Fuenlabrada Central L12
43%
Pueblo Nuevo L5 | L7
43%
Arganzuela-Planetario L6
42%
Estrella L9
42%
La Gavía L1
42%
Las Tablas L10
42%
Lista L4
42%
Noviciado L2
42%
Barrio del Pilar L9
41%
Ciudad Lineal L5
41%
La Elipa L2
41%
Lucero L6
41%
Santo Domingo L2
41%
Alto de Extremadura L6
40%
Arturo Soria L4
40%
Palos de la Frontera L3
40%
San Blas L7
40%
Hortaleza L4
39%
La Peseta L11
39%
Pío XII L9
39%
Universidad Rey Juan Carlos L12
39%
Valdeacederas L1
38%
Alfonso XIII L4
37%
Carabanchel Alto L11
37%
Concha Espina L9
37%
Hospital de Henares L7
37%
La Fortuna L11
37%
La Moraleja L10
37%
Menéndez Pelayo L1
37%
Nueva Numancia L1
37%
Rivas Futura L9
37%
Rivas Urbanizaciones L9
37%
Rubén Darío L5
37%
San Fermín-Orcasur L3
37%
Villa de Vallecas L1
37%
Empalme L5
36%
Mirasierra L9
36%
Montecarmelo L10
36%
Pan Bendito L11
36%
Parque Europa L12
36%
Pinar del Rey L8
36%
Portazgo L1
36%
Puerta de Arganda L9
36%
Acacias L5
35%
La Almudena L2
35%
La Granja L10
35%
Las suertes L1
35%
Reyes Católicos L10
35%
Carpetana L6
34%
El Carmen L5
34%
Hospital de Fuenlabrada L12
34%
Miguel Hernández L1
34%
San Cristóbal L3
34%
San Fernando L7
34%
Almendrales L3
33%
Artilleros L9
33%
Canillas L4
33%
Casa del reloj L12
33%
Ciudad de los Ángeles L3
33%
Joaquín Vilumbrales L10
33%
Las Musas L7
33%
Marqués de Vadillo L5
33%
Prosperidad L4
33%
Vinateros L9
33%
Coslada Central L7
32%
Manoteras L4
32%
Manuela Malasaña L12
32%
Parque Oeste L12
32%
Urgel L5
32%
Alsacia L2
31%
Antonio Machado L7
31%
Cruz del Rayo L9
31%
Herrera Oria L9
31%
Hospital de Móstoles L12
31%
Pavones L9
31%
Quintana L5
31%
Suanzes L5
31%
Valdebernardo L9
31%
Ventilla L9
31%
Alonso Cano L7
30%
Avenida de Guadalajara L2
30%
El Capricho L5
30%
Eugenia de Montijo L5
30%
Francos Rodríguez L7
30%
Henares L7
30%
Parque de las Avenidas L7
30%
Parque Lisboa L12
30%
San Nicasio L12
30%
Sierra de Guadalupe L1
30%
Vista Alegre L5
30%
Ascao L7
29%
Avenida de la Paz L4
29%
Cartagena L7
29%
Duque de Pastrana L9
29%
El Bercial L12
29%
El Carrascal L12
29%
Baunatal L10
28%
Congosto L1
28%
Esperanza L4
28%
Juan de la Cierva L12
28%
La Poveda L9
28%
Loranca L12
28%
Abrantes L11
27%
Alto del Arenal L1
27%
Hospital Severo Ochoa L12
27%
Manuel de Falla L10
27%
San Francisco L11
27%
Valdezarza L7
27%
Avenida de la Ilustración L7
26%
García Noblejas L7
26%
San Cipriano L9
26%
San Lorenzo L4
26%
Torre Arias L5
26%
Barrio de la Concepción L7
25%
Conservatorio L12
25%
Jarama L7
25%
Parque de Santa María L4
25%
Simancas L7
25%
Arroyo Culebro L12
24%
Arroyofresno L7
24%
Lacoma L7
24%
Parque de los Estados L12
24%
Peñagrande L7
24%
Los Espartales L12
23%
Marqués de la Valdavia L10
23%
Barrio del Puerto L7
22%
Pradillo L12
22%
Alonso de Mendoza L12
20%
Julián Besteiro L12
20%
La Rambla L7
20%
Ronda de Comunicación L10
16%
No se encontraron pruebas coincidentes
Distribución de puntuación
Porcentaje de gente con cada puntuación
Porcentaje por número respondido
Historial de tus puntuaciones
No has intentado esta prueba desde el último reinicio